000 01104cam a2200361 4500
001 sjds1023084
003 sjds
005 20170518134725.0
008 090423t20092009sp b 000 1 spa d
010 _aBD 09113021
020 _a8498674697 : pbk.
035 _a397651
035 _a(OCoLC)316831975
035 _a397651
035 _a397651
040 _beng
_erda
_csjds
041 1 _aspa
_heng
100 1 _aShaffer, Mary Ann.
240 1 0 _aGuernsey Literary and Potato Peel Pie Society.
_lSpanish
245 1 3 _aLa Sociedad Literaria y del Pastel de Cáscara de Papa de Guernsey /
_cMary Ann Shaffer y Annie Barrows ; traducción de Sandra Campos.
250 _a1a edition.
260 _aBarcelona :
_bRBA Libros,
_c2009
264 1 _aBarcelona :
_bRBA Libros,
_c[2009]
264 4 _cc2009
300 _a303 pages :
_bmap ;
_c22 cm
336 _atext
_btxt
_2rdacontent
337 _aunmediated
_bn
_2rdamedia
338 _avolume
_bnc
_2rdacarrier
655 7 _aEpistolary fiction.
_2lcgft
700 1 _aBarrows, Annie.
700 1 _aCampos, Sandra Regina Leite de.
942 _cBK
999 _c17305
_d17305